| 000 | 00523nam a2200181Ia 4500 | ||
|---|---|---|---|
| 008 | 151202s9999||||xx |||||||||||||| ||und|| | ||
| 082 | _bPNVM-58062 | ||
| 100 | _aबापट मुकुंद. | ||
| 245 | _aमित्रा. | ||
| 260 | _b"गोकुळ प्रकाशन,पुणे." | ||
| 260 | _c0 | ||
| 300 | _a186 | ||
| 600 | _aबापट मुकुंद. | ||
| 630 | _aमित्रा. | ||
| 700 | _aबापट मुकुंद. | ||
| 730 | _aमित्रा. | ||
| 942 | _cBOOK | ||
| 999 |
_c1324600 _d1324597 |
||